000
00234 a2200097 4500
001
13587
100
_a
Sheng M F
245
_a
Fundamentals of World Organization
260
_a
London
_b
University of Minnesota
_c
090
_c
10588
_d
10588
942
_a
NUST-CAE
_c
M
_c
656
999
_c
248660
_d
248660